000
00300nam a22001337a 4500
008
170519b xxu||||| |||| 00| 0 eng d
020
_a
9780807822227
041
_a
eng
080
_a
94
100
_a
16
101
_a
SHH
245
_a
RECONSTRUCTING THE HOUSEHOLD
_c
BARDAGLIO,P.W
942
_2
udc
_c
BK
999
_c
13479
_d
13479